Historia de los Papas desde fines de la Edad Media : Benedicto XIV, 1740-1758 /

Historia de los Papas desde 1305 hasta 1799, escrita por el diplomático austríaco –nacido en Alemania- Ludwig von Pastor (1854-1928), quien contó con un acceso privilegiado a los acervos vaticanos y fue el primer usuario que aprovechó la apertura, ordenada por León XIII, de las colecciones documenta...

Descripción completa

Guardado en:
Detalles Bibliográficos
Autor principal: Pastor, Ludwig von (autor)
Formato: Libro
Idioma:Español
Temas:
Etiquetas: Agrega una etiqueta
Sin etiquetas, Sé el primero en etiquetar este registro!

MARC

LEADER 00000nam^a2200000^a^4500
001 000316998
005 20250526000000.0
009 20260310113329.72
037 |a Acervo Xavier Clavigero 
041 |a ESP 
082 |a 282. 1  |b PAS V. 16 T. 35 
100 |a Pastor, Ludwig von  |e (autor) 
240 1 1 |a [Historia de los Papas en la época de la monarquía absoluta] 
240 1 1 |a [Historia de los Papas desde fines de la Edad Media] 
245 1 0 |a Historia de los Papas desde fines de la Edad Media :  |b Benedicto XIV, 1740-1758 /  |c L. von Pastor ; tr. por Manuel Almarcha. 
264 |a Barcelona, España :  |b Gustavo Gili,  |c 1937 
300 |a 563 p. :  |b tapa blanda ;  |c 23.5 cm. 
336 |a texto  |b txt  |2 rdacontenido 
337 |a sin mediación  |b n  |2 rdamedio 
338 |a volumen  |b nc  |2 rdasoporte 
500 |a Traducción de: Geschichte der Päpste seit dem Ausgang des Mittelalters 
520 |a Historia de los Papas desde 1305 hasta 1799, escrita por el diplomático austríaco –nacido en Alemania- Ludwig von Pastor (1854-1928), quien contó con un acceso privilegiado a los acervos vaticanos y fue el primer usuario que aprovechó la apertura, ordenada por León XIII, de las colecciones documentales anteriores a 1815 del Archivo Secreto Vaticano. La investigación de Pastor abarca 56 pontífices y está centrada en los sujetos individuales que han encabezado la Iglesia, más que en el desarrollo institucional del papado. El historiador y diplomático dividió su trabajo en 16 tomos en la edición original en alemán (1886-1930), pero la traducción española publicada por Gustavo Gilli subdividió a su vez las 16 entregas y está compuesta por 37 libros, agrupados en ocho segmentos o períodos históricos y todos ellos disponibles en el Fondo de Libros Raros y Antiguos de la Biblioteca del ITESO. 
520 |a El período de la época de la monarquía absoluta abarca los años 1644-1799 y está integrado por los tomos del número 30 al 37. Pastor dedica íntegramente el tomo trigésimo quinto al papado de Benedicto XIV (1740-1758), con capítulos –o apartados de capítulos- referidos a la persecución de la Compañía de Jesús, particularmente la emprendida por Sebastião José de Carvalho e Melo, marqués de Pombal y primer ministro de José I, rey de Portugal. 
590 |a Traducción de la 4a edición en alemán 
649 |a XX 
650 |a Papas -  |x Historia -  |x Tema Principal 
650 |a Iglesia Católica -  |x Historia -  |y Papa, 1740-1758 (Benedicto XIV) -  |x Tema Principal 
650 |a Iglesia Católica -  |x Historia -  |y Epoca Moderna 
650 |a Iglesia Católica -  |x Historia 
650 |a Catolicismo -  |x Historia 
650 |a Cristianismo -  |x Historia 
650 |a Religión -  |x Historia 
650 |a Europa -  |x Historia -  |y 1715-1789 
650 |a Europa -  |x Historia -  |y Siglo XVIII 
650 |a Europa -  |x Historia -  |y 1648-1789 
650 |a Historia Moderna -  |y Siglo XVII 
650 |a Historia Universal 
910 |a Fondo General 
920 |a Impresos - Libros 
930 |a Libros Antiguos y Raros 
905 |a 108 
901 |a 029189  |b IT2  |c LRA  |u 20250526 
902 |a https://opac.biblio.iteso.mx/vufind/Record/000316998